000 00654nam a2200229 a 4500
001 BRCA_5706
005 20190320205203.0
008 030311s1948----mx-######s---o001-0#spa-#
041 _aspa
044 _amx
050 4 _aHA762
_b.A58 1948
245 1 0 _aAnuario estadístico de los Estados Unidos Mexicanos 1942.
260 _aMéxico
_bSecretaría de Economía
_c1948
300 _a1377 p.
_c23 cm.
500 _aIncluye índice analítico
500 _aH27
650 1 4 _aEconomía
_vAnuarios
_zMéxico
_914487
651 4 _aMéxico
_vAnuarios
_xEstadísticas
_914488
710 2 _aSecretaría de Economía
_914489
902 _aGFM
942 _2lcc
_cB
999 _c5397
_d5397